000 00521nam a2200169Ia 4500
008 230718s9999 xx 000 0 und d
041 _aeng
082 _a616.07'57
_bBUS
100 _aBushong S.C.
_9160346
245 _aRadiologic Science For Technologists:
_bPhysics, Biology And Protection
250 _a9th ed.
260 _c2008
_bMOSBY Elsvier
300 _a685
_dRef 645 I ME (35579)
365 _cRs.
_b4416.00
700 _aBushong S.C.
_9160346
906 _dO:0064802-Mar-2010B:265215-Dec-2009
_cME INS
_b971.52
999 _c324372
_d324372